| 000 | 00491nam a22001817a 4500 | ||
|---|---|---|---|
| 005 | 20240108131540.0 | ||
| 008 | 190604b xxu||||| |||| 00| 0 eng d | ||
| 020 | _a978-81-85790-14-5 | ||
| 041 | _aeng | ||
| 082 |
_a610 _bPAR-P |
||
| 100 |
_aPARADKAR, DR. A. R. , GOKHALE S.B AND BAPAT Mrs. B.A _98308 |
||
| 245 | _aPRACTICAL HOSPITAL AND CLINICAL PHARMACY | ||
| 250 | _a17TH, 2019 | ||
| 260 |
_aPUNE _bNIRALI PRAKASHAN |
||
| 300 | _aIV.6p, | ||
| 650 |
_aPHARMACY _xB.PHARMA |
||
| 942 | _cBK | ||
| 999 |
_c5948 _d5946 |
||